Любовь и сон: роман; пер. с англ.

Detalles Bibliográficos
Autor principal: Краули Дж. Джон
Sumario:Ощущая слом эпох, Пирс Моффет пишет книге об Эгипте (не Египте, но Эгипте), практикует героическую любовь по методу Джордано Бруно и наконец учится водить машину. Он, кажется, уже понимает, почему считается, что цыгане умеют предсказывать будущее, и откуда у микеланджеловского Моисея на голове рожки, но "Гипнеротомахия Полифила" по-прежнему ставит его в тупик. На заднем же плане продолжается извечная битва вервольфов с ведьмами, а Джон Ди и Эдвард Келли по наущению ангелов из кристалла оставляют туманный Альбион и в Праге ищут покровительства благосклонного к алхимикам императора Рудольфа. Впервые на русском - второй том тетралогии "Эгинет" прославленного Джона Краули, автора "Маленького, большого".
Lenguaje:ruso
Publicado: Москва, Эксмо, 2008
Colección:Интеллектуальный бестселлер
Materias:
Formato: MixedMaterials Libro
KOHA link:https://koha.lib.tpu.ru/cgi-bin/koha/opac-detail.pl?biblionumber=203163

MARC

LEADER 00000nam0a2200000 4500
001 203163
005 20231031185514.0
010 |a 9785699253753 
035 |a (RuTPU)RU\TPU\book\221383 
090 |a 203163 
100 |a 20111031d2008 m y0rusy50 ca 
101 0 |a rus  |c eng 
102 |a RU 
105 |a y z 000ay 
200 1 |a Любовь и сон  |e роман  |e пер. с англ.  |f Дж. Краули 
210 |a Москва  |c Эксмо  |d 2008 
215 |a 688 с. 
225 1 |a Интеллектуальный бестселлер 
330 |a Ощущая слом эпох, Пирс Моффет пишет книге об Эгипте (не Египте, но Эгипте), практикует героическую любовь по методу Джордано Бруно и наконец учится водить машину. Он, кажется, уже понимает, почему считается, что цыгане умеют предсказывать будущее, и откуда у микеланджеловского Моисея на голове рожки, но "Гипнеротомахия Полифила" по-прежнему ставит его в тупик. На заднем же плане продолжается извечная битва вервольфов с ведьмами, а Джон Ди и Эдвард Келли по наущению ангелов из кристалла оставляют туманный Альбион и в Праге ищут покровительства благосклонного к алхимикам императора Рудольфа. Впервые на русском - второй том тетралогии "Эгинет" прославленного Джона Краули, автора "Маленького, большого". 
610 1 |a американская литература 
610 1 |a романы 
610 1 |a любовь 
610 1 |a любовные романы 
610 1 |a интеллектуальная проза 
610 1 |a мистика 
675 |a 82  |v 3 
700 1 |a Краули  |b Дж.  |g Джон 
801 1 |a RU  |b 63413507  |c 20111031 
801 2 |a RU  |b 63413507  |c 20111107  |g RCR 
942 |c BK